Southville International School and Colleges
Your cart is empty.
  • Cart
  • Lists
    Public lists Eva Luna New books Lux_list list_1
    Your lists Log in to create your own lists
  • Log in to your account
  • Your cookies
  • Search history
Southville International School and Colleges
  • Advanced search
  • Recent comments
  • Most popular
  • Libraries

Log in to your account

Log in with GOOGLE


If you do not have an external account, but do have a local account, you can still log in:

  1. Home
  2. MARC view: Netter's introduction to imaging /
Normal view MARC view ISBD view

Netter's introduction to imaging / (Record no. 13992)

[ view plain ]
MARC details
000 -LEADER
fixed length control field 01335cam a22003738a 4500
001 - CONTROL NUMBER
control field 16721356
003 - CONTROL NUMBER IDENTIFIER
control field OSt
005 - DATE AND TIME OF LATEST TRANSACTION
control field 20140310182518.0
008 - FIXED-LENGTH DATA ELEMENTS--GENERAL INFORMATION
fixed length control field 110331s2012 mou b 001 0 eng
010 ## - LIBRARY OF CONGRESS CONTROL NUMBER
LC control number 2011014087
020 ## - INTERNATIONAL STANDARD BOOK NUMBER
International Standard Book Number 9781437707595 (pbk. : alk. paper)
035 ## - SYSTEM CONTROL NUMBER
System control number (DNLM)101557686
040 ## - CATALOGING SOURCE
Original cataloging agency DNLM/DLC
Transcribing agency DLC
042 ## - AUTHENTICATION CODE
Authentication code pcc
050 00 - LIBRARY OF CONGRESS CALL NUMBER
Classification number RC 78.7.D53
Item number .C59 2012
060 10 - NATIONAL LIBRARY OF MEDICINE CALL NUMBER
Classification number WN 180
082 00 - DEWEY DECIMAL CLASSIFICATION NUMBER
Classification number 616.07/54
100 1# - MAIN ENTRY--PERSONAL NAME
Personal name Cochard, Larry R.
9 (RLIN) 9276
245 10 - TITLE STATEMENT
Title Netter's introduction to imaging /
Statement of responsibility, etc Larry R. Cochard ... [et al.] ; illustrations by Frank H. Netter ; contributing illustrator, Carlos A.G. Machado.
246 1# - VARYING FORM OF TITLE
Title proper/short title Introduction to imaging
250 ## - EDITION STATEMENT
Edition statement 1st ed.
260 ## - PUBLICATION, DISTRIBUTION, ETC. (IMPRINT)
Place of publication, distribution, etc St. Louis, Mo. :
Name of publisher, distributor, etc Elsevier/Saunders,
Date of publication, distribution, etc c2012.
263 ## - PROJECTED PUBLICATION DATE
Projected publication date 1106
300 ## - PHYSICAL DESCRIPTION
Extent 627 p. :
Dimensions 29 cm.
Other physical details ill. ;
504 ## - BIBLIOGRAPHY, ETC. NOTE
Bibliography, etc Includes bibliographical references and index.
505 0# - FORMATTED CONTENTS NOTE
Formatted contents note Introduction to imaging modalities -- Back and spinal cord -- Thorax -- Abdomen -- Pelvis and perineum -- Upper limb -- Lower limb -- Head and neck.
650 #0 - SUBJECT ADDED ENTRY--TOPICAL TERM
Topical term or geographic name as entry element Diagnostic imaging.
9 (RLIN) 8008
650 12 - SUBJECT ADDED ENTRY--TOPICAL TERM
Topical term or geographic name as entry element Diagnostic Imaging.
9 (RLIN) 8008
700 1# - ADDED ENTRY--PERSONAL NAME
Personal name Netter, Frank H.
Fuller form of name (Frank Henry),
Dates associated with a name 1906-1991.
9 (RLIN) 9277
906 ## - LOCAL DATA ELEMENT F, LDF (RLIN)
a 7
b cbc
c orignew
d 1
e ecip
f 20
g y-gencatlg
942 ## - ADDED ENTRY ELEMENTS (KOHA)
Source of classification or shelving scheme Library of Congress Classification
Koha item type
Holdings
Withdrawn status Lost status Source of classification or shelving scheme Damaged status Home library Current library Shelving location Date acquired Total Checkouts Full call number Barcode Date last seen Copy number Price effective from Koha item type
    Library of Congress Classification   South SEED-LPDH College Library South SEED-LPDH College Library South SEED-LPDH College Section 08/10/2013   RC 78.7.D53 .C59 2012 SSLC0124 05/15/2018 1 08/10/2013 Books

Netter's introduction to imaging /

APA

Cochard L. R., Netter F. H., . (2012). Netter's introduction to imaging. St. Louis, Mo: Elsevier/Saunders.

Chicago

Cochard Larry R, Netter Frank H, . 2012. Netter's introduction to imaging. St. Louis, Mo: Elsevier/Saunders.

Harvard

Cochard L. R., Netter F. H., . (2012). Netter's introduction to imaging. St. Louis, Mo: Elsevier/Saunders.

MLA

Cochard Larry R, Netter Frank H, . Netter's introduction to imaging. St. Louis, Mo: Elsevier/Saunders. 2012.

  • Place hold
  • Print
  • Cite
  • Add to your cart (remove)
  • Save record
    BIBTEX Dublin Core MARCXML MARC (non-Unicode/MARC-8) MARC (Unicode/UTF-8) MARC (Unicode/UTF-8, Standard) MODS (XML) RIS
  • More searches
    Search for this title in:
    Other Libraries (WorldCat) Other Databases (Google Scholar) Online Stores (Bookfinder.com) Open Library (openlibrary.org)

Exporting to Dublin Core...

SOUTHVILLE LIBRARY

Southville International School and Colleges Library

1281 Tropical Ave. Cor. Luxembourg St., BF Homes International, Las Pinas City

Tel. No. 8256374 / 252358 Loc. 117/146

Powered by Koha